000 00361nam a2200145Ia 4500
008 220803s9999 xx 000 0 und d
020 _a9781118766309
041 _aeng
082 _a721.044 KEN
100 _aKensek K M
_924760
245 _aBuilding Information Modeling
260 _aNew Jersey
_bWiley Publication
_c2014
300 _a398p
500 _aARCHI
999 _c15649
_d15649